• 首页
  • 本馆介绍
  • 公告通知
  • 最新文献
  • 馆藏检索
  • 电子资源
  • 读者导购
  • 参考咨询
  • 我的图书馆
  • 登录
  • 详细信息显示
  • 放入我的书架
  • 预约/预借图书
  • 作者相关作品
  • 分类相关作品
  • 丛书相关作品
  • 出版社相关作品

书目信息

  • 表格格式
  • 工作单格式
  • 卡片格式
题名:
爆炸及其作用
    
 
作者: Г·И·鲍克洛夫斯基 著
分册:  
出版信息: 北京   国防工业出版社  1955
页数: 47页
开本: 19cm
丛书名:
单 册:
中图分类: O38
科图分类:
主题词: 爆炸力学
电子资源:
ISBN:
000 00593nam0 2200205 450
001 0637302939
005 20060802102419.73
010    @dCNY0.33
091    @aT15034.16
100    @a20060802d1955 km y0chiy0120 ea
101 0  @achi
102    @aCN@b110000
200 1  @a爆炸及其作用@Abao zha ji qi zuo yong@fГ·И·鲍克洛夫斯基 著@FГ·И·bao ke luo fu si ji zhu
210    @a北京@c国防工业出版社@d1955
215    @a47页@d19cm
606 0  @a爆炸力学
690    @aO38@v3
701  0 @aГ·И·鲍克洛夫斯基@AГ·И·bao ke luo fu si ji@4著
801  0 @aCN@bPFT@c20060802
905    @a10447@dO38@e10
    
    爆炸及其作用/Г·И·鲍克洛夫斯基 著.-北京:国防工业出版社,1955
    47页;19cm
    
    
    ISBN :CNY0.33
    
●
相关链接 在E读中查询图书 在五车中查询图书 在当当中查询图书 在豆瓣中查询图书


正题名:爆炸及其作用     索取号:O38/10         预约/预借

序号 登录号 条形码 馆藏地/架位号 状态 备注
1 0439443   204394431   密集书库/ [索取号:O38/10] 在馆    
唐山师范学院图书馆 欢迎您!
大连网信软件有限公司© 版权所有